[Event "FIDE World Uni Blitz-B 1st"]
[Site "Tornelo INT"]
[Date "2021.03.13"]
[Round "6.61"]
[White "Luis Anthony, Jayanata"]
[Black "Garcia, Carlos"]
[Result "1-0"]
[WhiteElo "1643"]
[BlackElo "2145"]
[PlyCount "49"]
[EventDate "2021.03.13"]
[EventType "swiss (blitz)"]
[EventRounds "10"]
[EventCountry "NET"]
[SourceTitle "EXT 2022"]
[Source "ChessBase"]
[SourceDate "2021.10.06"]
[SourceVersion "1"]
[SourceVersionDate "2021.10.06"]
[SourceQuality "1"]

1. e4 c5 2. Nf3 Nc6 3. Bb5 e6 4. 0-0 Nge7 5. Re1 g6 6. c3 Bg7 7. d4 cxd4 8. cxd4 0-0 9. Nc3 d6 10. Bf4 a6 11. Bf1 b5 12. d5 exd5 13. exd5 Ne5 14. Nxe5 dxe5 15. Bxe5 f6 16. Bg3 Bb7 17. Qb3 Kh8 18. Rad1 Nf5 19. a4 Re8 20. Rxe8+ Qxe8 21. axb5 axb5 22. Bxb5 Qd8 23. Bc6 Bxc6 24. dxc6 Qc8 25. c7 1-0

[Event "FIDE World Uni Blitz-B 1st"]
[Site "Tornelo INT"]
[Date "2021.03.13"]
[Round "5.37"]
[White "Ribiere, Damien"]
[Black "Luis Anthony, Jayanata"]
[Result "1-0"]
[WhiteElo "2083"]
[BlackElo "1643"]
[PlyCount "141"]
[EventDate "2021.03.13"]
[EventType "swiss (blitz)"]
[EventRounds "10"]
[EventCountry "NET"]
[SourceTitle "EXT 2022"]
[Source "ChessBase"]
[SourceDate "2021.10.06"]
[SourceVersion "1"]
[SourceVersionDate "2021.10.06"]
[SourceQuality "1"]

1. e4 c5 2. a3 e6 3. b4 cxb4 4. axb4 Bxb4 5. c3 Be7 6. d4 d6 7. Bd3 Nf6 8. Ne2 0-0 9. 0-0 b6 10. Nd2 Bb7 11. f4 d5 12. e5 Ne4 13. Nxe4 dxe4 14. Bc2 Nd7 15. Ng3 f5 16. exf6 Nxf6 17. Qe2 Qc7 18. Bd2 Bd5 19. Nxe4 Rac8 20. Bd3 a5 21. Kh1 Bc4 22. Bxc4 Qxc4 23. Nxf6+ gxf6 24. Qxc4 Rxc4 25. Rfb1 Rc6 26. Kg1 Rfc8 27. Kf2 f5 28. Ke2 Kf7 29. Kd3 Bd8 30. Rb5 h5 31. g3 Ke7 32. Re1 Kd7 33. Rg1 Bf6 34. Rgb1 Bd8 35. Re1 Be7 36. d5 exd5 37. Rxd5+ Rd6 38. Rxd6+ Bxd6 39. c4 Rc6 40. Bc3 a4 41. Ra1 a3 42. Bd2 Rc8 43. Bc1 Ra8 44. Ra2 Bb4 45. Kc2 Kc6 46. Kb3 Bc5 47. Bxa3 Bg1 48. h3 Rg8 49. Rg2 Bd4 50. Bb2 Bc5 51. Be5 Rg6 52. Kc3 b5 53. cxb5+ Kxb5 54. Kd3 Kb4 55. Ke2 Kc4 56. Kf3 Kd3 57. Ra2 Bb4 58. Ra8 Be1 59. Ra3+ Kc4 60. g4 hxg4+ 61. hxg4 Rxg4 62. Ra8 Bb4 63. Rc8+ Kd3 64. Rd8+ Kc4 65. Rc8+ Kd5 66. Rd8+ Ke6 67. Rd1 Bc5 68. Rh1 Kd5 69. Rh5 Ke6 70. Rh6+ Kd5 71. Rf6 1-0